Perspectivas del cultivo de azafrán -Crocus sativus-
Uloženo v:
| Korporace: | , |
|---|---|
| Médium: | Kniha |
| Jazyk: | španělština |
| Vydáno: |
Quillota
Universidad Católica de Valparaíso
2000
Quillota Fundación para la Innovación Agraria 2000 |
| Témata: | |
| Tagy: |
Přidat tag
Žádné tagy, Buďte první, kdo vytvoří štítek k tomuto záznamu!
|
MARC
| LEADER | 00000nam a2200000 a 4500 | ||
|---|---|---|---|
| 001 | UCM7908 | ||
| 003 | CL-VaPUC | ||
| 008 | 030110e20000000cl |||||||||||||||||spa|d | ||
| 082 | 0 | 4 | |a 633.82 |b UNI |2 21 |
| 110 | 2 | |a Universidad Católica de Valparaíso |e author |9 473709 | |
| 710 | 2 | |a Fundación para la Innovación Agraria |e author |9 473710 | |
| 245 | 1 | 0 | |a Perspectivas del cultivo de azafrán -Crocus sativus- |
| 300 | |a 35 h | ||
| 942 | |c BK | ||
| 945 | |d 20030110 00:00:00 |a lriquelm | ||
| 260 | |a Quillota |b Universidad Católica de Valparaíso |c 2000 | ||
| 260 | |a Quillota |b Fundación para la Innovación Agraria |c 2000 | ||
| 650 | 7 | |a AZAFRAN - CULTIVO |2 CL-VaPUC |9 473711 | |
| 650 | 7 | |a AZAFRAN - RIEGO |2 CL-VaPUC |9 473712 | |
| 650 | 7 | |a AZAFRAN - COSECHA |2 CL-VaPUC |9 473713 | |
| 650 | 7 | |a AZAFRAN - COMERCIALIZACION |2 CL-VaPUC |9 473714 | |
| 650 | 7 | |a AZAFRAN - ANATOMIA DE LA PLANTA |2 CL-VaPUC |9 473715 | |
| 650 | 0 | |a Azafrán |x Propagación vegetativa |9 473716 | |
| 650 | 7 | |a CROCUS SATIVUS |2 CL-VaPUC |9 473717 | |
| 583 | |a last modification |c 20171220 01:44:03 |k Rodrigo Vera | ||
| 999 | |c 302556 |d 302554 | ||
| 952 | |0 0 |1 0 |4 0 |6 633_820000000000000_UNI_2000_2000 |7 0 |8 A |9 363219 |a BIBAGR |b BIBAGR |d 2019-11-21 |i 3873684 |o 633.82 UNI 2000 2000 |p 3873684 |r 2025-01-20 |w 2019-11-21 |y BK |k AGR | ||